[Event "Xtracon Chess Open 2016"]
[Site "Elsinore"]
[Date "2016.07.25"]
[Round "4.102"]
[White "Thaler, Toni"]
[Black "Rasdal, Yngve"]
[Result "1-0"]
[WhiteElo "2037"]
[BlackElo "1794"]
[PlyCount "73"]
[EventDate "2016.07.23"]

1. d4 Nf6 2. c4 e6 3. Nf3 b6 4. g3 c6 5. Bg2 d5 6. O-O Be7 7. b3 O-O 8. Ba3
Nbd7 9. Bxe7 Qxe7 10. Nc3 Qb4 11. Qd3 Ba6 12. Nd2 e5 13. a3 Qd6 14. e3 Rad8 15.
Rfd1 Qe6 16. cxd5 Nxd5 17. Qxa6 Nxc3 18. Re1 Qf6 19. Rac1 exd4 20. exd4 Qxd4
21. Nf3 Qf6 22. Qc4 Nd5 23. Qxc6 Qxc6 24. Rxc6 Rc8 25. Rec1 Rxc6 26. Rxc6 Re8
27. h4 g6 28. Rd6 N5f6 29. Bh3 Re7 30. Nd4 Kg7 31. Nc6 Re1+ 32. Kg2 Nc5 33.
Nxa7 Ra1 34. Nb5 Nxb3 35. Rxb6 Ra2 36. Nc3 Rb2 37. a4 1-0

[Event "Xtracon Chess Open 2016"]
[Site "Elsinore"]
[Date "2016.07.25"]
[Round "4.103"]
[White "Rosell, Sven"]
[Black "Nielsen, Palle"]
[Result "1-0"]
[WhiteElo "1996"]
[BlackElo "1778"]
[PlyCount "105"]
[EventDate "2016.07.23"]

1. c4 g6 2. Nf3 Bg7 3. Nc3 b6 4. g3 Bb7 5. Bg2 Nc6 6. O-O e5 7. d3 d6 8. Bg5 f6
9. Bd2 Nge7 10. Rb1 Qd7 11. b4 h5 12. b5 Nd8 13. e4 Ne6 14. Nd5 g5 15. h4 g4
16. Ne1 O-O 17. Nc2 c5 18. bxc6 Nxc6 19. Be3 Rac8 20. Qe2 Kh7 21. Rfd1 Qf7 22.
Rbc1 Ncd4 23. Nxd4 Nxd4 24. Bxd4 exd4 25. Qb2 Qe6 26. Qa3 Bxd5 27. cxd5 Qd7 28.
Qb4 Rc5 29. Rxc5 dxc5 30. Qc4 Rb8 31. Rb1 Bf8 32. a4 Bd6 33. Qa6 Kg7 34. Re1
Kf7 35. Bf1 Ke7 36. Qc4 b5 37. axb5 Qxb5 38. Qa2 a5 39. Ra1 Ra8 40. Rb1 Qa6 41.
Qa4 Qc8 42. Rb6 Qd7 43. Rc6 Qb7 44. Qc2 Qb4 45. Qc1 Rh8 46. Ra6 Bc7 47. Re6+
Kf7 48. Ra6 Bb6 49. Qf4 Bd8 50. Qf5 Qb7 51. Rd6 Be7 52. Rd7 Qb6 53. d6 1-0

[Event "Xtracon Chess Open 2016"]
[Site "Elsinore"]
[Date "2016.07.25"]
[Round "4.105"]
[White "Henrichsen, Jens"]
[Black "Gjare, Vidar"]
[Result "1-0"]
[WhiteElo "1984"]
[BlackElo "1646"]
[PlyCount "87"]
[EventDate "2016.07.23"]

1. d4 Nf6 2. Nf3 e6 3. c4 b6 4. g3 Ba6 5. b3 Bb4+ 6. Bd2 Be7 7. Nc3 d5 8. Bg2
Bb7 9. O-O c5 10. cxd5 Nxd5 11. e4 Nxc3 12. Bxc3 Bxe4 13. dxc5 Qxd1 14. Rfxd1
Bxc5 15. Bxg7 Rg8 16. Bb2 Na6 17. Re1 Bd5 18. Rad1 Rd8 19. Bf6 Be7 20. Bxe7
Kxe7 21. Ne5 Bxg2 22. Kxg2 Nb8 23. a4 Rxd1 24. Rxd1 f6 25. Nc4 Nc6 26. Na3 Rd8
27. Rc1 Nd4 28. b4 a6 29. f3 Rd6 30. Kf2 Rc6 31. Rd1 Nc2 32. Nxc2 Rxc2+ 33. Kg1
Rc4 34. Rb1 h5 35. h4 e5 36. Kf2 Ke6 37. Rb3 Kd5 38. Ke3 b5 39. axb5 axb5 40.
Rd3+ Rd4 41. g4 hxg4 42. fxg4 Kc4 43. Rxd4+ exd4+ 44. Kd2 1-0

[Event "Xtracon Chess Open 2016"]
[Site "Elsinore"]
[Date "2016.07.25"]
[Round "4.106"]
[White "Frisk, Hans"]
[Black "Jacobsen, Elise Sjottem"]
[Result "1/2-1/2"]
[WhiteElo "1981"]
[BlackElo "1611"]
[PlyCount "91"]
[EventDate "2016.07.23"]

1. Nf3 Nf6 2. c4 c5 3. Nc3 e6 4. g3 Be7 5. b3 O-O 6. Bb2 b6 7. Bg2 Bb7 8. O-O
d5 9. e3 Nc6 10. cxd5 exd5 11. d4 cxd4 12. Nxd4 Bc5 13. Nce2 Nxd4 14. Nxd4 Qd7
15. Qd2 Ne4 16. Qd3 a5 17. a4 Ba6 18. Nb5 Rfe8 19. Rad1 Rad8 20. Rfe1 Bb4 21.
Qd4 f6 22. Bxe4 Rxe4 23. Qxe4 dxe4 24. Rxd7 Rxd7 25. Rc1 Bxb5 26. axb5 Bc5 27.
Rc4 Rd3 28. Bc3 Kf7 29. Kf1 Rd1+ 30. Ke2 Rb1 31. Bxa5 bxa5 32. Rxc5 Rxb3 33. b6
Rxb6 34. Rxa5 Rb2+ 35. Kf1 Rb4 36. h4 Rc4 37. Ra7+ Kg6 38. g4 Kh6 39. Re7 Kg6
40. Kg2 Kh6 41. Kg3 Rb4 42. Rd7 Rb1 43. Kg2 Rb5 44. Rd4 Re5 45. Kg3 g5 46. h5
1/2-1/2

[Event "Xtracon Chess Open 2016"]
[Site "Elsinore"]
[Date "2016.07.25"]
[Round "4.107"]
[White "Aubert, Carsten"]
[Black "Rogacewicz, Mikolaj"]
[Result "1-0"]
[WhiteElo "1977"]
[BlackElo "1551"]
[PlyCount "51"]
[EventDate "2016.07.23"]

1. d4 e6 2. c4 Nf6 3. Nc3 Bb4 4. Qc2 c5 5. dxc5 O-O 6. Bg5 h6 7. Bh4 g5 8. Bg3
Qa5 9. Be5 Ng4 10. Bd6 Bxc5 11. Bxc5 Qxc5 12. e3 Nc6 13. h4 Nb4 14. Qd2 b6 15.
hxg5 Qf5 16. e4 Qxg5 17. f4 Qc5 18. Nd1 Bb7 19. a3 Nc6 20. Nf3 a5 21. Be2 Nf6
22. f5 Ng4 23. Qf4 exf5 24. exf5 Nge5 25. Qxh6 Nd3+ 26. Kf1 1-0

[Event "Xtracon Chess Open 2016"]
[Site "Elsinore"]
[Date "2016.07.25"]
[Round "4.109"]
[White "Bremer, Erik"]
[Black "Weber, Andreas"]
[Result "1/2-1/2"]
[WhiteElo "1458"]
[BlackElo "1808"]
[PlyCount "61"]
[EventDate "2016.07.23"]

1. e4 d5 2. exd5 Nf6 3. d4 Bg4 4. Nf3 Qxd5 5. Be2 Nc6 6. c3 O-O-O 7. O-O e6 8.
Nbd2 Bd6 9. Re1 Qf5 10. Nc4 Be7 11. Ne3 Qh5 12. Nxg4 Nxg4 13. h3 Nf6 14. Ne5
Qh4 15. Nxc6 bxc6 16. Ba6+ Kd7 17. Qb3 g5 18. Re5 Rhg8 19. c4 Bd6 20. Ra5 Rb8
21. Qd3 g4 22. Kf1 gxh3 23. Qxh3 Qxd4 24. Qf3 Qg4 25. Qxg4 Rxg4 26. c5 Be5 27.
Be2 Rgg8 28. Rb1 Ne4 29. Bf3 Nc3 30. Ra1 Nd5 31. Rb1 1/2-1/2

[Event "Xtracon Chess Open 2016"]
[Site "Elsinore"]
[Date "2016.07.25"]
[Round "4.110"]
[White "Opasiak, Dustin Tennessee"]
[Black "Svensson, Lars Ake"]
[Result "1/2-1/2"]
[WhiteElo "1807"]
[BlackElo "1972"]
[PlyCount "56"]
[EventDate "2016.07.23"]

1. e4 c5 2. Nf3 d6 3. Bb5+ Bd7 4. a4 Nc6 5. O-O a6 6. Bxc6 Bxc6 7. Nc3 e6 8. d4
cxd4 9. Nxd4 Nf6 10. Re1 Rc8 11. Nxc6 Rxc6 12. Nd5 Be7 13. Nxe7 Qxe7 14. b3 Qc7
15. Ba3 e5 16. Qd3 O-O 17. Rad1 Rd8 18. c4 Rd7 19. h3 b6 20. Bb2 Re7 21. Qg3 a5
22. Bc1 Ne8 23. Rd5 Re6 24. Qf3 Rf6 25. Qd3 Re6 26. Qf3 Rf6 27. Qd3 Re6 28. Qf3
Rf6 1/2-1/2

[Event "Xtracon Chess Open 2016"]
[Site "Elsinore"]
[Date "2016.07.25"]
[Round "4.111"]
[White "Bennett, Rhys"]
[Black "Bering, Anders"]
[Result "1-0"]
[WhiteElo "1711"]
[BlackElo "1967"]
[PlyCount "71"]
[EventDate "2016.07.23"]

1. e4 e6 2. d4 d5 3. Nc3 Bb4 4. e5 Ne7 5. Bd2 c5 6. Nb5 Bxd2+ 7. Qxd2 O-O 8.
dxc5 Nd7 9. Qc3 f6 10. exf6 Nxf6 11. f3 e5 12. Qxe5 Ng6 13. Qc7 Qe8+ 14. Kd2
Nf4 15. Re1 Qg6 16. Qxf4 Ne4+ 17. Rxe4 Rxf4 18. Rxf4 Bd7 19. g3 Rc8 20. Bd3 Qh6
21. b4 g5 22. Rd4 Bh3 23. Nxh3 Qxh3 24. Re1 Qxh2+ 25. Re2 Qxg3 26. Nd6 Rf8 27.
Rg4 Qxf3 28. Rxg5+ Kh8 29. Rgg2 Qf4+ 30. Kc3 a5 31. bxa5 b6 32. axb6 Ra8 33. b7
Ra3+ 34. Kb2 Qb4+ 35. Kc1 Qf4+ 36. Rd2 1-0

[Event "Xtracon Chess Open 2016"]
[Site "Elsinore"]
[Date "2016.07.25"]
[Round "4.112"]
[White "Voll, Oddvar U"]
[Black "Kyrkjebo, Eirik"]
[Result "1-0"]
[WhiteElo "1967"]
[BlackElo "1590"]
[PlyCount "143"]
[EventDate "2016.07.23"]

1. e4 e5 2. Nf3 Nc6 3. d4 exd4 4. Bc4 Nf6 5. e5 d5 6. Bb5 Ne4 7. Nxd4 Bd7 8.
Bxc6 bxc6 9. O-O c5 10. Nb3 Be6 11. f3 c4 12. fxe4 cxb3 13. axb3 Bc5+ 14. Kh1
dxe4 15. Qe2 Qd5 16. Nc3 Qc6 17. Qxe4 Qxe4 18. Nxe4 Bd4 19. Ng5 Bd5 20. Re1 Rd8
21. c3 Bf2 22. Re2 Bc4 23. Rd2 Rxd2 24. Bxd2 Bxb3 25. Ne4 Bb6 26. Bf4 Ke7 27.
Nd2 Bc2 28. Nc4 h6 29. h3 Rd8 30. Nxb6 axb6 31. e6 Kxe6 32. Bxc7 Rd7 33. Bxb6
Rb7 34. Bd4 Rxb2 35. Re1+ Kf5 36. Bxg7 Be4 37. Bxh6 Bxg2+ 38. Kh2 Bd5+ 39. Kg3
Kg6 40. Be3 Rc2 41. Bd4 Rg2+ 42. Kh4 Be6 43. Re5 Bc4 44. Rc5 Be2 45. c4 f5 46.
Rc6+ Kh7 47. c5 f4 48. Rc8 f3 49. Rh8+ Kg6 50. Rg8+ Kf7 51. Rxg2 fxg2 52. Kg3
Bb5 53. Kxg2 Kg6 54. Kg3 Kh5 55. h4 Bc6 56. Bf6 Kg6 57. Be7 Kf7 58. Bd6 Kg6 59.
Kf4 Be8 60. Ke5 Kf7 61. Kf5 Bd7+ 62. Kg5 Kg7 63. h5 Kh7 64. h6 Kh8 65. Kf6 Kh7
66. Bf4 Kg8 67. Ke7 Bc6 68. Kd6 Bb7 69. c6 Ba6 70. c7 Kf8 71. Kd7 Bb5+ 72. Kd8
1-0

[Event "Xtracon Chess Open 2016"]
[Site "Elsinore"]
[Date "2016.07.25"]
[Round "4.113"]
[White "Vestjord, Harald Christian"]
[Black "Kizatbay, Alseit"]
[Result "0-1"]
[WhiteElo "1608"]
[BlackElo "1945"]
[PlyCount "90"]
[EventDate "2016.07.23"]

1. d4 Nf6 2. c4 e6 3. Nc3 Bb4 4. Qc2 c5 5. dxc5 Bxc5 6. Bf4 O-O 7. e3 b6 8. Nf3
Bb7 9. Be2 Be7 10. O-O Nh5 11. Bg3 Nxg3 12. hxg3 d6 13. Rfd1 Nd7 14. Rd2 Nf6
15. Rad1 a6 16. b3 Qc7 17. Nd4 Rac8 18. Bf3 Rfd8 19. Bxb7 Qxb7 20. Qb2 Rc5 21.
Nde2 Rdc8 22. a4 Ne4 23. Nxe4 Qxe4 24. Qd4 Qc6 25. e4 b5 26. axb5 axb5 27. cxb5
Qxb5 28. Qd3 Qb6 29. Qf3 h6 30. Qe3 Rb8 31. Rb1 Bg5 32. Qd3 Bxd2 33. Qxd2 d5
34. exd5 Rxd5 35. Qc2 Rbd8 36. Qc4 Rc5 37. Qe4 Rf5 38. Nf4 Rb5 39. Qf3 Rb8 40.
Ne2 Rxb3 41. Rxb3 Qxb3 42. Qe4 Qd5 43. Qc2 Ra8 44. Qc1 Qe5 45. Qc4 Ra1+ 0-1

[Event "Xtracon Chess Open 2016"]
[Site "Elsinore"]
[Date "2016.07.25"]
[Round "4.114"]
[White "Yilmaz, Kazim"]
[Black "Nielsen, Jan Mose"]
[Result "1-0"]
[WhiteElo "1542"]
[BlackElo "2110"]
[PlyCount "47"]
[EventDate "2016.07.23"]

1. e4 e5 2. Nf3 Nc6 3. Bc4 Bc5 4. O-O d6 5. d3 Bg4 6. c3 Qd7 7. Be3 Bb6 8. b4
Nf6 9. a4 O-O 10. a5 Bxe3 11. fxe3 a6 12. Qe1 Be6 13. Bxe6 Qxe6 14. c4 Ng4 15.
h3 Nh6 16. b5 Ne7 17. Nc3 Qd7 18. d4 axb5 19. cxb5 f6 20. d5 f5 21. exf5 e4 22.
Nd4 Nhxf5 23. Ne6 Rf6 24. g4 1-0

[Event "Xtracon Chess Open 2016"]
[Site "Elsinore"]
[Date "2016.07.25"]
[Round "4.115"]
[White "Fjellengen, Bard"]
[Black "Madsen, Michael B"]
[Result "0-1"]
[WhiteElo "1764"]
[BlackElo "2089"]
[PlyCount "88"]
[EventDate "2016.07.23"]

1. e4 c5 2. Nf3 a6 3. d4 cxd4 4. Nxd4 Nf6 5. e5 Qa5+ 6. c3 Qxe5+ 7. Be2 Nc6 8.
Nf3 Qc7 9. O-O e6 10. Nbd2 d5 11. Nb3 Bd6 12. h3 b6 13. Bg5 Ne4 14. Bd3 Nxg5
15. Nxg5 g6 16. Nf3 Bb7 17. Qe2 O-O 18. c4 Nb4 19. Rfc1 Nxd3 20. Qxd3 Qe7 21.
cxd5 Bxd5 22. Nbd4 Rfd8 23. Qe2 Qb7 24. Rd1 e5 25. Nc2 Bxf3 26. Qxf3 Qxf3 27.
gxf3 Rdc8 28. Ne3 Bc5 29. Rd5 Rd8 30. Rxd8+ Rxd8 31. Rd1 Rxd1+ 32. Nxd1 Bd4 33.
Kg2 f5 34. Kf1 Kf7 35. Ke2 Ke6 36. Kd3 Kf6 37. f4 Bc5 38. fxe5+ Kxe5 39. Kc4 g5
40. b4 Bd4 41. a4 g4 42. h4 f4 43. Kd3 b5 44. axb5 axb5 0-1

[Event "Xtracon Chess Open 2016"]
[Site "Elsinore"]
[Date "2016.07.25"]
[Round "4.116"]
[White "Haagen Larsen, Hans"]
[Black "Schrodt, Sebastian"]
[Result "0-1"]
[WhiteElo "1752"]
[BlackElo "2060"]
[PlyCount "78"]
[EventDate "2016.07.23"]

1. d4 Nf6 2. Bf4 c5 3. e3 cxd4 4. exd4 d5 5. Nf3 Bg4 6. Nc3 a6 7. Be2 e6 8. Ne5
Bxe2 9. Qxe2 Bb4 10. O-O Bxc3 11. bxc3 Qc8 12. c4 O-O 13. Rab1 dxc4 14. Nxc4
Nd5 15. Bd2 b5 16. Ne3 Nxe3 17. Bxe3 Nd7 18. Rfc1 Nb6 19. a4 Nxa4 20. c4 Qd7
21. cxb5 Rfb8 22. Bf4 Rxb5 23. Qc4 Nb6 24. Qa2 Rxb1 25. Qxb1 Nd5 26. Bg3 a5 27.
Rc2 h6 28. h3 a4 29. Rb2 Qa7 30. Rb7 Qxd4 31. Rb8+ Rxb8 32. Qxb8+ Kh7 33. Be5
Qd1+ 34. Kh2 Qc2 35. Qa7 f6 36. Bd6 Qc6 37. Bf8 Qc7+ 38. Qxc7 Nxc7 39. f4 Nb5
0-1

[Event "Xtracon Chess Open 2016"]
[Site "Elsinore"]
[Date "2016.07.25"]
[Round "4.117"]
[White "Stake Larsen, Gunnar"]
[Black "Sebastian, Andreas"]
[Result "1-0"]
[WhiteElo "2034"]
[BlackElo "1754"]
[PlyCount "63"]
[EventDate "2016.07.23"]

1. d4 Nf6 2. c4 c5 3. Nf3 e6 4. Nc3 b6 5. d5 exd5 6. cxd5 d6 7. e4 Bg4 8. h3
Bxf3 9. Qxf3 Nbd7 10. Bf4 g6 11. Bd3 a6 12. a4 Qe7 13. O-O Bg7 14. Qe2 Nh5 15.
Bh2 Bxc3 16. bxc3 Nhf6 17. Bxa6 Qxe4 18. Bxd6 Qxe2 19. Bxe2 Ne4 20. Bc7 Nxc3
21. Bf3 O-O 22. a5 b5 23. d6 Ra6 24. Rfe1 Na4 25. Bb7 Ra7 26. Bc6 Nf6 27. Bxb5
Nc3 28. Bc6 Ncd5 29. Bb6 Nxb6 30. axb6 Rxa1 31. Rxa1 Rb8 32. b7 1-0

[Event "Xtracon Chess Open 2016"]
[Site "Elsinore"]
[Date "2016.07.25"]
[Round "4.118"]
[White "Philipsen, William Horup"]
[Black "Maselli, Daniel"]
[Result "0-1"]
[WhiteElo "2016"]
[BlackElo "1751"]
[PlyCount "126"]
[EventDate "2016.07.23"]

1. e4 c5 2. d4 cxd4 3. c3 d3 4. Bxd3 d6 5. Nf3 Nc6 6. O-O g6 7. Bf4 Bg7 8. Na3
Nf6 9. h3 O-O 10. Qd2 Re8 11. Rad1 a6 12. Bh6 Bh8 13. Qg5 Nd7 14. Qh4 Nde5 15.
Ng5 f6 16. Nxh7 Kxh7 17. Nc4 Kg8 18. f4 Nxd3 19. Rxd3 Be6 20. Rg3 Kf7 21. f5
Rg8 22. fxe6+ Kxe6 23. Be3 Qf8 24. Nb6 Rd8 25. Nd5 Qg7 26. Nf4+ Kd7 27. Rxg6
Qf7 28. Qg4+ e6 29. Qh5 Ne5 30. Rxg8 Rxg8 31. Qxf7+ Nxf7 32. Nh5 Ke7 33. Bd4
Rg6 34. h4 Rh6 35. g4 Rg6 36. g5 fxg5 37. Kh2 Bxd4 38. cxd4 Rh6 39. Ng7 Rxh4+
40. Kg3 Rh7 41. Nxe6 Kxe6 42. Rc1 Kd7 43. Kg4 Rh4+ 44. Kf5 Rf4+ 45. Kg6 g4 46.
Re1 Nd8 47. e5 Rxd4 48. Kf6 Rf4+ 49. Kg5 dxe5 50. Kh4 Ke6 51. Kg3 Nf7 52. Rc1
Nd6 53. Rc7 Ne4+ 54. Kg2 Rf2+ 55. Kg1 g3 56. Rg7 Rxb2 57. Rg4 Kf5 58. Rg7 Ng5
59. Kh1 g2+ 60. Kh2 Nf3+ 61. Kh3 g1=Q 62. Rf7+ Kg6 63. a4 Rh2# 0-1

[Event "Xtracon Chess Open 2016"]
[Site "Elsinore"]
[Date "2016.07.25"]
[Round "4.119"]
[White "Nielsen, Leo"]
[Black "Nielsen, Morten"]
[Result "0-1"]
[WhiteElo "1749"]
[BlackElo "1965"]
[PlyCount "92"]
[EventDate "2016.07.23"]

1. e4 Nf6 2. e5 Nd5 3. c4 Nb6 4. d4 d6 5. Nf3 Bg4 6. Be2 c6 7. Ng5 Bxe2 8. Qxe2
dxe5 9. dxe5 e6 10. O-O Qc7 11. b3 h6 12. Nf3 N8d7 13. Bb2 O-O-O 14. Nbd2 Nc5
15. Rad1 Be7 16. Ne4 Nxe4 17. Qxe4 Rd7 18. h3 Rhd8 19. Qc2 Kb8 20. a4 Bb4 21.
Bd4 Nc8 22. c5 Qa5 23. Rd3 Bxc5 24. Rfd1 Bxd4 25. Nxd4 Rd5 26. f4 Qb6 27. Qc3
c5 28. a5 Qa6 29. Rc1 Ne7 30. b4 Rxd4 31. Rxd4 Rxd4 32. Qxc5 Qc6 33. Qxd4 Qxc1+
34. Kh2 Nd5 35. g3 Qe3 36. Qxe3 Nxe3 37. g4 Nd5 38. Kg3 Nxb4 39. h4 Kc7 40. h5
Kd7 41. g5 Ke7 42. Kg4 Nc6 43. Kf3 Nxa5 44. Ke4 Nc6 45. f5 exf5+ 46. Kxf5 hxg5
0-1

[Event "Xtracon Chess Open 2016"]
[Site "Elsinore"]
[Date "2016.07.25"]
[Round "4.120"]
[White "Holmstrom, Johan Ravnborg"]
[Black "Norevall, Ulf"]
[Result "1/2-1/2"]
[WhiteElo "1942"]
[BlackElo "1749"]
[PlyCount "83"]
[EventDate "2016.07.23"]

1. c4 f5 2. Nc3 Nf6 3. Nf3 d6 4. d4 g6 5. g3 Bg7 6. Bg2 c6 7. O-O O-O 8. Re1
Ne4 9. Qc2 Nxc3 10. Qxc3 c5 11. e3 Nc6 12. b3 e5 13. Bb2 e4 14. Nd2 Qb6 15. Qc1
cxd4 16. exd4 Nxd4 17. Nf1 Bd7 18. Ne3 Bc6 19. Nc2 Rad8 20. Bxd4 Bxd4 21. Nxd4
Qxd4 22. Rd1 Qe5 23. b4 b6 24. a4 a5 25. Qe3 axb4 26. Qxb6 Qc5 27. a5 Ba8 28.
Rab1 Rb8 29. Qxd6 Qxa5 30. Qe6+ Kh8 31. Ra1 Qb6 32. Rd6 Qc5 33. Rd7 Rbe8 34.
Qa6 e3 35. Bxa8 exf2+ 36. Kf1 Re1+ 37. Rxe1 fxe1=Q+ 38. Kxe1 Re8+ 39. Kf1 Qe5
40. Bf3 Qe1+ 41. Kg2 Re2+ 42. Bxe2 1/2-1/2

[Event "Xtracon Chess Open 2016"]
[Site "Elsinore"]
[Date "2016.07.25"]
[Round "4.121"]
[White "Nielsen, Angelo"]
[Black "Bluebaum, Johanna"]
[Result "0-1"]
[WhiteElo "1747"]
[BlackElo "1939"]
[PlyCount "149"]
[EventDate "2016.07.23"]

1. d4 d5 2. Nf3 Nf6 3. Bf4 c5 4. e3 Nc6 5. c3 Qb6 6. Qb3 c4 7. Qc2 Bf5 8. Qc1
e6 9. Nbd2 Nh5 10. Bg3 Nxg3 11. hxg3 h6 12. e4 dxe4 13. Nxc4 Qc7 14. Nfe5 Be7
15. Nxc6 bxc6 16. Qf4 Rc8 17. Qxc7 Rxc7 18. Ne3 Bh7 19. b4 O-O 20. Bc4 Ra8 21.
O-O a5 22. a3 Rca7 23. b5 cxb5 24. Bxb5 Rd8 25. a4 Rc7 26. Rac1 Bg5 27. Rfd1
Bg6 28. c4 f6 29. Rc2 Bh5 30. Rdd2 Kf8 31. d5 exd5 32. Rxd5 Rxd5 33. Nxd5 Rc5
34. Kf1 Bd1 35. Rb2 f5 36. Nf4 Kf7 37. Rd2 Bb3 38. Rd7+ Kf6 39. Rd6+ Kf7 40.
Rd7+ Kf6 41. Rd6+ Ke5 42. Re6+ Kd4 43. Rd6+ Kc3 44. Nd5+ Kb2 45. Nb6 Bc2 46.
Ke1 Bf6 47. Nd7 Bc3+ 48. Ke2 Bd3+ 49. Ke3 Rc7 50. Rxd3 exd3 51. Kxd3 Be1 52. f3
Bxg3 53. c5 Kb3 54. c6 Kb4 55. Ke3 Kc3 56. f4 g5 57. fxg5 hxg5 58. Kf3 Bd6 59.
g4 f4 60. Ke4 Kd2 61. Kd5 Ba3 62. Ke4 Rc8 63. Kf5 Be7 64. Ke6 Bd8 65. Kf5 f3
66. Ne5 f2 67. Nf3+ Ke3 68. Nh2 Rc7 69. Nf1+ Kf3 70. Nh2+ Kg2 71. Nf1 Re7 72.
c7 Bxc7 73. Kxg5 Re5+ 74. Kh6 Rxb5 75. axb5 0-1

[Event "Xtracon Chess Open 2016"]
[Site "Elsinore"]
[Date "2016.07.25"]
[Round "4.122"]
[White "McAndrew, Robert"]
[Black "Andersen, Johnny"]
[Result "1/2-1/2"]
[WhiteElo "1939"]
[BlackElo "1740"]
[PlyCount "52"]
[EventDate "2016.07.23"]

1. d4 Nf6 2. Nf3 g6 3. c4 c5 4. g3 cxd4 5. Nxd4 Bg7 6. Bg2 Nc6 7. O-O O-O 8.
Nc3 a6 9. e4 d6 10. Nde2 Bg4 11. Be3 Qc8 12. f3 Bh3 13. Rc1 Bxg2 14. Kxg2 Rd8
15. Qd2 e6 16. Bb6 Rd7 17. b3 h5 18. a4 Kh7 19. Rcd1 Bh6 20. Be3 Bxe3 21. Qxe3
Qh8 22. h4 Qg7 23. Rd2 Rad8 24. Rfd1 Nb4 25. Qb6 Nc6 26. Qe3 Nb4 1/2-1/2

[Event "Xtracon Chess Open 2016"]
[Site "Elsinore"]
[Date "2016.07.25"]
[Round "4.123"]
[White "Nielsen, Carsten Juul"]
[Black "Petersen, Rasmus"]
[Result "1-0"]
[WhiteElo "1939"]
[BlackElo "1730"]
[PlyCount "115"]
[EventDate "2016.07.23"]

1. d4 Nf6 2. c4 e6 3. Nc3 Bb4 4. g3 O-O 5. Bg2 d5 6. Nf3 c5 7. cxd5 Nxd5 8. Bd2
Nc6 9. Nxd5 exd5 10. Bxb4 cxb4 11. O-O Bf5 12. Qd2 Qd7 13. Rfc1 Rfe8 14. Rc5 b6
15. Rcc1 h6 16. e3 Rac8 17. Ne1 Qd6 18. Nd3 Rc7 19. Nxb4 Nxb4 20. Rxc7 Qxc7 21.
Qxb4 Qc6 22. Qb3 Be6 23. Bf1 Rc8 24. Rd1 a5 25. Kg2 a4 26. Qb4 Bd7 27. Bd3 Qe6
28. Qd2 h5 29. h4 b5 30. Kg1 Qc6 31. Be2 g6 32. Bf3 Bf5 33. Re1 Qc2 34. Qxc2
Rxc2 35. Bxd5 Rxb2 36. e4 Be6 37. a3 Bxd5 38. exd5 Rd2 39. Re8+ Kg7 40. Rb8
Rxd4 41. Rxb5 Kf6 42. Ra5 Ke5 43. Kg2 Kd6 44. Kf1 Rxd5 45. Rxa4 Ke6 46. Re4+
Kd6 47. Re2 Ra5 48. Ra2 f6 49. Ke2 Kd5 50. Kd3 Ra4 51. Kc3 g5 52. Kb3 Ra8 53.
a4 gxh4 54. gxh4 Rb8+ 55. Kc3 Rc8+ 56. Kd3 Ke5 57. a5 Kf4 58. a6 1-0

[Event "Xtracon Chess Open 2016"]
[Site "Elsinore"]
[Date "2016.07.25"]
[Round "4.124"]
[White "Linderod, Lars Erik"]
[Black "Nielsen, Jorgen Kamp"]
[Result "0-1"]
[WhiteElo "1935"]
[BlackElo "1727"]
[PlyCount "62"]
[EventDate "2016.07.23"]

1. e4 e6 2. d4 d5 3. Nd2 c5 4. Ngf3 Nc6 5. Bb5 a6 6. Bxc6+ bxc6 7. O-O Nf6 8.
e5 Nd7 9. Nb3 a5 10. Bf4 Be7 11. Re1 Rb8 12. Rb1 Ba6 13. dxc5 Nxc5 14. Nbd4 Qc7
15. Re3 h6 16. Nd2 Nd7 17. Qh5 Nf8 18. Rf3 c5 19. Nf5 Be2 20. Nxg7+ Kd7 21.
Qxf7 Bxf3 22. Nxf3 Rd8 23. Rd1 Kc8 24. Nxe6 Nxe6 25. Qxe6+ Qd7 26. Qa6+ Qb7 27.
Qxa5 Rhg8 28. Bxh6 d4 29. Rd3 c4 30. Rxd4 Rxd4 31. e6 Rd1+ 0-1

[Event "Xtracon Chess Open 2016"]
[Site "Elsinore"]
[Date "2016.07.25"]
[Round "4.125"]
[White "Saltvedt, Martin"]
[Black "Rolstad, Morten"]
[Result "1-0"]
[WhiteElo "1935"]
[BlackElo "1720"]
[PlyCount "33"]
[EventDate "2016.07.23"]

1. d4 Nf6 2. Nf3 d5 3. Bg5 Ne4 4. Bh4 h5 5. Nfd2 g5 6. Nxe4 gxh4 7. Nec3 Bg4 8.
f3 Bf5 9. e3 Rg8 10. Qd2 Bh6 11. Na3 Qd7 12. O-O-O Na6 13. Kb1 Nb4 14. Qe1 a5
15. e4 dxe4 16. Nxe4 b6 17. Nf6+ 1-0

[Event "Xtracon Chess Open 2016"]
[Site "Elsinore"]
[Date "2016.07.25"]
[Round "4.126"]
[White "Bennett, Owen"]
[Black "Westerlund, Ola"]
[Result "0-1"]
[WhiteElo "1741"]
[BlackElo "1930"]
[PlyCount "90"]
[EventDate "2016.07.23"]

1. d4 d6 2. Nf3 g6 3. g3 Bg7 4. Bg2 Nf6 5. c4 O-O 6. O-O c6 7. Nc3 Qa5 8. Qa4
Qh5 9. Qb3 Nbd7 10. Rd1 h6 11. Qc2 Nb6 12. b3 Bg4 13. Bb2 Nh7 14. Qd3 f5 15.
Nd2 e5 16. f3 Bh3 17. e3 Bxg2 18. Kxg2 Ng5 19. Re1 e4 20. fxe4 fxe4 21. Ncxe4
Nf3 22. Rh1 d5 23. cxd5 cxd5 24. Nc3 Nxd2 25. Qxd2 Qf3+ 26. Kg1 Rae8 27. Re1 h5
28. Nd1 Bh6 29. Qe2 Qe4 30. h3 Nc8 31. Kh2 h4 32. Qg4 hxg3+ 33. Qxg3 Rf3 34.
Qg2 Bf8 35. Nf2 Bd6+ 36. Kg1 Qf5 37. Ng4 Rg3 38. Nh6+ Kh7 39. Nxf5 gxf5 40.
Qxg3 Bxg3 41. Re2 f4 42. Kg2 Nd6 43. Kf3 Nf5 44. Bc1 Nh4+ 45. Kg4 Kh6 0-1

[Event "Xtracon Chess Open 2016"]
[Site "Elsinore"]
[Date "2016.07.25"]
[Round "4.127"]
[White "Stam, Bart"]
[Black "Jarve, Edvin"]
[Result "1/2-1/2"]
[WhiteElo "1929"]
[BlackElo "1716"]
[PlyCount "110"]
[EventDate "2016.07.23"]

1. e4 e6 2. d4 d5 3. Nc3 Bb4 4. e5 c5 5. a3 Bxc3+ 6. bxc3 Ne7 7. Bd3 Nbc6 8.
Nf3 c4 9. Be2 Qa5 10. Bd2 Bd7 11. a4 f6 12. O-O O-O-O 13. Qb1 Ng6 14. exf6 gxf6
15. Re1 Rde8 16. Bf1 e5 17. dxe5 fxe5 18. Qb5 a6 19. Qxa5 Nxa5 20. Bh6 Rhg8 21.
Kh1 Re7 22. Be3 Nc6 23. Rad1 Be6 24. Ng5 Rd8 25. Bc5 Ree8 26. Nxe6 Rxe6 27. g3
Rf6 28. Bh3+ Kb8 29. Bb6 Rdd6 30. Bc5 Rd8 31. Rd2 d4 32. cxd4 exd4 33. Bg2 c3
34. Rde2 d3 35. cxd3 Rxd3 36. Bb6 Rf8 37. Be4 Rd2 38. Rxd2 cxd2 39. Rd1 Re8 40.
f3 Nge5 41. Rxd2 Nc4 42. Bxc6 Re1+ 43. Kg2 Nxd2 44. Bd5 Re5 45. Bg8 Re2+ 46.
Bf2 h6 47. h4 b5 48. axb5 axb5 49. g4 b4 50. g5 hxg5 51. hxg5 b3 52. g6 b2 53.
Ba2 b1=Q 54. Bxb1 Nxb1 55. g7 Re8 1/2-1/2

[Event "Xtracon Chess Open 2016"]
[Site "Elsinore"]
[Date "2016.07.25"]
[Round "4.128"]
[White "Werner, Jakob"]
[Black "Bosselmann, Tom Linus"]
[Result "1-0"]
[WhiteElo "1733"]
[BlackElo "1928"]
[PlyCount "101"]
[EventDate "2016.07.23"]

1. d4 Nf6 2. c4 e6 3. Nc3 Bb4 4. Qc2 c5 5. dxc5 Bxc5 6. Nf3 Nc6 7. Bg5 h6 8.
Bh4 Qb6 9. e3 g5 10. Bg3 Bb4 11. a3 Qa5 12. Bd3 b6 13. O-O Bxc3 14. bxc3 h5 15.
Bd6 g4 16. Bb4 Qa6 17. Nd4 Nxd4 18. cxd4 Qb7 19. e4 a5 20. Bc3 d5 21. cxd5 exd5
22. Rfe1 Be6 23. e5 Nd7 24. Bd2 Rc8 25. Qa4 Rg8 26. Rec1 Ke7 27. Rab1 Rxc1+ 28.
Bxc1 Qc7 29. Bd2 Rc8 30. Qd1 Rg8 31. Rc1 Qb7 32. Qc2 Nb8 33. Qc7+ Qxc7 34.
Rxc7+ Nd7 35. Ba6 Ra8 36. Bg5+ Ke8 37. Bb5 Rb8 38. Kf1 Bf5 39. g3 Be6 40. Ke2
Bf5 41. Ke3 Be6 42. Bf6 a4 43. Kf4 Ra8 44. Kg5 Rb8 45. Kxh5 Ra8 46. Kg5 Rb8 47.
Kf4 Ra8 48. f3 gxf3 49. Kxf3 Bf5 50. Kf4 Be6 51. h4 1-0

[Event "Xtracon Chess Open 2016"]
[Site "Elsinore"]
[Date "2016.07.25"]
[Round "4.129"]
[White "Jarlnaes, Erik"]
[Black "Shehzad, Shazil"]
[Result "1-0"]
[WhiteElo "1928"]
[BlackElo "1711"]
[PlyCount "65"]
[EventDate "2016.07.23"]

1. e4 c5 2. d4 cxd4 3. c3 Nf6 4. e5 Nd5 5. cxd4 d6 6. exd6 Qxd6 7. Nc3 Bf5 8.
a3 Nc6 9. Nf3 a6 10. Qb3 Nxc3 11. bxc3 b5 12. Be3 Be6 13. Qb2 Bd5 14. Be2 e5
15. O-O Qe6 16. Nxe5 Nxe5 17. dxe5 Qxe5 18. Bd4 Qg5 19. g3 Bd6 20. f4 Qh6 21.
Bxb5+ Kf8 22. Ba4 Rb8 23. Qe2 Qh3 24. Rfe1 f6 25. c4 Ba8 26. c5 Be5 27. fxe5 f5
28. c6 Rc8 29. Bc5+ Ke8 30. Qc4 Rxc6 31. Qe6+ Kd8 32. Bxc6 Bxc6 33. Bb6# 1-0